00562nam a22001455i 4500001000700000003000900007005001700016008004100033040002000074100004300094245009300137260008100230300002700311852007800338162156ES-MaACL20250930063143.0041102s1876 sp |||| | spa d aCAM bspa cCAM1 aPina Domínguez, Mariano, d1840-189513aEl hombre de las tres pelucas b: novela festiva / coriginal de Mariano Pina Dominguez. aMadrid : bUrbano Manini, Editor, c1876 (fImprenta á cargo de J. Peña) a237, [2] p. ; c18 cm. aES-MaACLjG-10956 z-- Enc. hol. z-- Ex-libris ms. de Gustavo Saenz Diez